000 00715nam a22002657a 4500
001 47655
003 UA-OsUOA
005 20220421174409.0
007 ta
008 20070815b un ||||| |||| 00| 0 ukr d
020 _a9667492303
040 _aUA-OsUOA
_bukr
_cUA-OsUOA
_dUA-OsUOA
041 _aukr
080 _a821.161.2
090 _a821.161.2
_bР50
100 _aРильський М.
245 _aВибрані твори у двох томах
260 _aК.
_c2006
300 _a608 с.
505 _gТ. 2
_tПереклади
650 7 _a821 Художня література
_2UDC
942 _cBK
_2udc
955 _a3
999 _c333753
_d333753